Darling he lied-Bixby Lyrics Quiz - Statistics

General Stats
  • This quiz has been taken 21 times
  • The average score is 100 of 187
Answer Stats
Answer % Correct
a
100%
A
100%
are
100%
Darling,
100%
darling,
100%
he
100%
lie,
100%
lie)
100%
you
100%
could
75%
f_
75%
for
75%
I
75%
lied
75%
lied,
75%
,lied
75%
more
75%
of
75%
on
75%
one
75%
the
75%
why
75%
your
75%
But
50%
But,
50%
fix
50%
it's
50%
less
50%
little
50%
not
50%
oh,
50%
oh
50%
(oh)
50%
sky
50%
So
50%
sorry
50%
surprised?
50%
there
50%
(the sky,
50%
the sky,
50%
the sky)
50%
time
50%
to
50%
addiction
25%
another
25%
Another
25%
can't
25%
cigarette
25%
could've
25%
distance
25%
Don't,
25%
don't
25%
face
25%
feel
25%
get
25%
giving
25%
I'll
25%
just
25%
like
25%
living
25%
mind?
25%
missing
25%
off
25%
Seem
25%
steal
25%
survive
25%
tired
25%
tried
25%
up
25%
up,
25%
Well,
25%
We'll
25%
Well
25%
what's
25%
afford
0%
(Baby,
0%
(baby,
0%
care,
0%
days
0%
I'm
0%
Ooh-ooh
0%
ring
0%
Seven
0%
Show
0%
Sometimes
0%
starting
0%
Stop,
0%
stranger
0%
Throw
0%
t'll
0%
tonight
0%
went
0%
No matching quizzes found
Score Distribution
Percent of People with Each Score
Percentile by Number Answered
Your Score History
You have not taken this quiz